LEADER 00780nam0-22003011i-450- 001 990003340630403321 005 20091210110629.0 010 $a0-19-211560-X 035 $a000334063 035 $aFED01000334063 035 $a(Aleph)000334063FED01 035 $a000334063 100 $a20030910d1979----km-y0itay50------ba 101 0 $aeng 102 $aGB 105 $ay-------001yy 200 1 $a<>Oxford dictionary of quotations 205 $a3. ed 210 $aOxford$cOxford University press$d1979 215 $axx, 907 p.$d24 cm 676 $a808.8 801 0$aIT$bUNINA$gRICA$2UNIMARC 901 $aBK 912 $a990003340630403321 952 $a808.8 OXF$b391$fDECLI 959 $aDECLI 996 $aOxford dictionary of quotations$9162421 997 $aUNINA LEADER 01302nam2-22003971i-450- 001 990005406700203316 005 20010829120000.0 035 $a000540670 035 $aUSA01000540670 035 $a(ALEPH)000540670USA01 035 $a000540670 100 $a20010829d1985-------|0enac50------ba 101 $aeng 102 $aGB 105 $a||||Z 1|||| 200 1 $aPlots, transformations, and regression$ean introduction to graphical methods of diagnostic regession analysis$fA. C. Atkinson 210 $aOxford$cClarendon Press$d1985. 271 p. : graf. ; 23 cm. 461 1$1001000540093$12001$aOxford statistical science series$v1 606 $aAnalisi della regressione$2FI 606 $aStatistica$2FI 606 $aDiagnostica$2FI 620 $dOxford 676 $a519.536$cAnalisi della regressione$v21 700 1$aATKINSON,$bAntony Curtis$0613258 712 $aClarendon Press 801 $aIT$bSOL$c20120104 912 $a990005406700203316 950 $aDIP.TO SCIENZE ECONOMICHE - (SA)$dDS 500 519.536 ATK$e1770 DISES 951 $a500 519.536 ATK$b1770 DISES 959 $aBK 969 $aDISES 979 $c20121027$lUSA01$h1531 979 $c20121027$lUSA01$h1611 996 $aPlots, transformations, and regression$91143429 997 $aUNISA NUM $aUSA4053 LEADER 05479nam 2200733Ia 450 001 9910975139303321 005 20240920200846.0 010 $a1-107-23222-8 010 $a1-139-41183-7 010 $a9786613660145 010 $a1-139-42430-0 010 $a1-139-41817-3 010 $a1-139-42021-6 010 $a1-139-42226-X 010 $a1-280-68320-1 010 $a1-139-42323-1 010 $a1-139-00331-3 035 $a(CKB)2560000000092629 035 $a(SSID)ssj0000654656 035 $a(PQKBManifestationID)11423681 035 $a(PQKBTitleCode)TC0000654656 035 $a(PQKBWorkID)10661132 035 $a(PQKB)10783638 035 $a(MiAaPQ)EBC907181 035 $a(Au-PeEL)EBL907181 035 $a(CaPaEBR)ebr10568338 035 $a(CaONFJC)MIL366014 035 $a(OCoLC)794663532 035 $a(UkCbUP)CR9781139003315 035 $a(PPN)261364987 035 $a(EXLCZ)992560000000092629 100 $a20120112d2012 uy 0 101 0 $aeng 135 $aur||||||||||| 181 $ctxt$2rdacontent 182 $cc$2rdamedia 183 $acr$2rdacarrier 200 00$aBipolar II disorder $emodelling, measuring and managing /$fedited by Gordon Parker 205 $a2nd ed. 210 $aCambridge ;$aNew York $cCambridge University Press$d2012 215 $a1 online resource (xv, 283 pages) $cdigital, PDF file(s) 300 $aTitle from publisher's bibliographic system (viewed on 05 Oct 2015). 311 08$a1-107-60089-8 320 $aIncludes bibliographical references and index. 327 $aIntroduction to the second edition -- Bipolar disorder in historical perspective / Edward Shorter -- The bipolar spectrum / James Phelps -- Defining and measuring bipolar II disorder / Gordon Parker -- Bipolar II disorder in context : a review of epidemiology, disability and economic burden / George Hadjipavlou, David J. Bond and Lakshmi N. Yatham -- Comorbid conditions associated with bipolar II disorder / Gordon Parker -- Is bipolar II disorder increasing in prevalence? / Gordon Parker -- Personality styles associated with bipolar II disorder / Kathryn Fletcher -- Distinguishing bipolar II disorder from personality-based states of emotional dysregulation / Joel Paris -- The neurobiology of bipolar II disorder / Emre Bora and Christos Pantellis -- The role of antidepressants in managing bipolar II disorder / Joseph Goldberg -- Current status of mood stabilisers in the management of bipolar II disorder / George Hadjipavlou, David J. Bond and Lakshmi Yatham -- The use of atypical antipsychotic drugs in bipolar II disorder / Eduard Vieta and Nuria Cruz -- The role of fish oil in managing bipolar II disorder / Anne-Marie Rees -- Psychological interventions for bipolar II disorder / Vijaya Manicavasagar and David Gilfillin -- The role of wellbeing plans in managing bipolar II disorder / Margo Orum -- The trajectory of illness experienced by those with bipolar II disorder / Tessa Cleradin -- Clinical models for managing bipolar II disorder : model one / Gordon Parker -- Clinical models for managing bipolar II disorder : model two / Terence Ketter and Po Wang -- Management commentary / Darryl Bassett -- Management commentary / Michael Berk -- Management commentary / Sophia Frangou -- Management commentary / Mark Frye -- Management commentary / S. Nassir Ghaemi -- Management commentary / Michael Gitlin and David Miklowitz -- Management commentary / Joseph Goldberg -- Management commentary / Guy Goodwin -- Management commentary / Andrew Nierenberg -- Management commentary / Robert Post -- Management commentary / Michael Thase -- Management commentary / Eduard Vieta -- Management commentary / Allan Young -- Rounding up and tying down / Gordon Parker. 330 $aThe lifetime risk of developing bipolar II disorder is 5-7%, yet the condition is often poorly detected. Mood elevation states are less extreme than in bipolar I disorder although the depressive episodes are usually severe. When correctly treated, the outcome is positive, but bipolar II is often poorly managed, resulting in a high suicide rate. This is the only academic and clinical management review focusing entirely on bipolar II, scrutinizing history, epidemiology, burden and neurobiology and including an extensive clinical debate by international experts about effective management strategies. New chapters cover comorbidity, over-represented personality styles, illness 'trajectories' and distinguishing bipolar II from personality-based emotional dysregulation states. Evidence for different clinical management options is reviewed in detail, two clinical management models are presented and then debated. This book is essential reading for all health professionals managing mood disorders and informative to patients seeking information about their condition and treatment options. 606 $aBipolar disorder$xDiagnosis 606 $aBipolar disorder$xEtiology 606 $aBipolar disorder$xTreatment 606 $aBipolar disorder 615 0$aBipolar disorder$xDiagnosis. 615 0$aBipolar disorder$xEtiology. 615 0$aBipolar disorder$xTreatment. 615 0$aBipolar disorder. 676 $a616.85/27 686 $aMED102000$2bisacsh 701 $aParker$b Gordon$f1942-$01820066 801 0$bMiAaPQ 801 1$bMiAaPQ 801 2$bMiAaPQ 906 $aBOOK 912 $a9910975139303321 996 $aBipolar II disorder$94381293 997 $aUNINA